000
00255nam a22001097a 4500
008
170112b xxu||||| |||| 00| 0 eng d
020
_a
9781416050117
041
_a
eng
080
_a
618.2
245
_a
MEDICAL-SURGICAL NURSING
_c
DEWIT, S.C
942
_2
udc
_c
BK
999
_c
2777
_d
2777